000 00626nam a2200241Ia 4500
003 OSt
005 20220927105151.0
006 a|||||r|||| 00| 0
007 ta
008 220926b |||||||| |||| 00| 0 eng d
024 _a190642
037 _cReference Collections
040 _aRTL
_cRTL
_beng
041 _2eng
_aeng
082 _a"D6,9(B), N0"
100 _aHergert Douglas
_9370650
245 0 _aMastering turbo pascal
250 _a5
260 _aX
_bBPB Publication
_c1990
300 _a595p.
_ccm.
942 _h"D6,9(B), N0"
_cCC
999 _c690990
_d690990